[Event "SM-2022-0-00477"]
[Site "LSS email"]
[Date "2022.08.15"]
[Round "?"]
[White "Zielinski, Sergej"]
[Black "Misericordia, Antonio"]
[Result "1-0"]
[WhiteElo "2249"]
[BlackElo "2255"]
[PlyCount "151"]
[EventDate "2022.06.28"]
[EventType "tourn (corr)"]
[EventRounds "6"]
[EventCountry "GER"]
[SourceTitle "Corr 2024"]
[Source "ChessBase"]
[SourceDate "2023.10.19"]
[SourceVersion "1"]
[SourceVersionDate "2023.10.19"]
[SourceQuality "1"]

1. e4 c5 2. Nf3 e6 3. d4 cxd4 4. Nxd4 Nc6 5. Nc3 Nf6 6. Nxc6 bxc6 7. e5 Nd5 8. Ne4 Qc7 9. f4 Qa5+ 10. Bd2 Qb6 11. Bd3 Be7 12. Qe2 f5 13. exf6 Nxf6 14. Bc3 0-0 15. Nxf6+ Bxf6 16. Bxf6 Rxf6 17. 0-0-0 Rb8 18. b3 d5 19. Qh5 Qe3+ 20. Kb2 g6 21. Qe5 Qxe5+ 22. fxe5 Rf2 23. g3 Rf7 24. Rhf1 Rc7 25. h4 c5 26. Rf4 c4 27. Be2 a5 28. h5 gxh5 29. Bxh5 cxb3 30. cxb3 Rg7 31. Rd3 Rb4 32. Rxb4 axb4 33. Rd4 Rg5 34. Rg4 Rxg4 35. Bxg4 Kf7 36. a3 Ke7 37. axb4 Kd7 38. b5 Kc7 39. Kc3 Kb6 40. Kb4 Bd7 41. Bh3 Bc8 42. Bf1 Bd7 43. Bh3 Bc8 44. Bg4 Bd7 45. Be2 Be8 46. Ka4 Bd7 47. Bd3 h6 48. Be2 Bc8 49. Bg4 Bd7 50. Kb4 Bc8 51. Bh5 Bd7 52. Bf7 d4 53. Kc4 d3 54. Kxd3 Kxb5 55. Kd4 Kb4 56. Bh5 Bc6 57. Be2 Be8 58. Bg4 Bd7 59. Bh3 Bc8 60. Bf1 Bd7 61. Bc4 Bc8 62. Ke4 Kc5 63. Kf4 Kd4 64. Be2 Kc3 65. Kg4 Kxb3 66. Kh5 Kc3 67. Kg6 Kd4 68. Kf6 Bd7 69. Bg4 Kd5 70. Bd1 Kc4 71. Bc2 Kc3 72. Bb1 Kb3 73. g4 Kb2 74. Bh7 Kc3 75. Bg8 Kd4 76. Bxe6 1-0

[Event "SM-2022-0-00477"]
[Site "LSS email"]
[Date "2022.08.14"]
[Round "?"]
[White "Misericordia, Antonio"]
[Black "Boni, Roberto"]
[Result "1/2-1/2"]
[WhiteElo "2255"]
[BlackElo "2271"]
[PlyCount "54"]
[EventDate "2022.06.28"]
[EventType "tourn (corr)"]
[EventRounds "6"]
[EventCountry "GER"]
[SourceTitle "Corr 2024"]
[Source "ChessBase"]
[SourceDate "2023.10.19"]
[SourceVersion "1"]
[SourceVersionDate "2023.10.19"]
[SourceQuality "1"]

1. c4 e5 2. Nc3 Nf6 3. Nf3 Nc6 4. e3 Bb4 5. Qc2 0-0 6. Nd5 Re8 7. Ng5 g6 8. h4 Bf8 9. Nxf6+ Qxf6 10. Ne4 Qe7 11. a3 d6 12. d3 h6 13. g3 Bg7 14. Bg2 f5 15. Nc3 Be6 16. Bd2 Qf7 17. 0-0 Rad8 18. Rae1 Ne7 19. Bxb7 e4 20. Bd5 Nxd5 21. cxd5 Bd7 22. f3 exf3 23. Rxf3 c6 24. e4 Rc8 25. exf5 gxf5 26. Rxe8+ Rxe8 27. Qb3 Bd4+ 1/2-1/2

[Event "SM-2022-0-00477"]
[Site "LSS email"]
[Date "2022.08.14"]
[Round "?"]
[White "Misericordia, Antonio"]
[Black "Chronopoulos, Antonios"]
[Result "0-1"]
[WhiteElo "2255"]
[BlackElo "2241"]
[PlyCount "122"]
[EventDate "2022.06.28"]
[EventType "tourn (corr)"]
[EventRounds "6"]
[EventCountry "GER"]
[SourceTitle "Corr 2024"]
[Source "ChessBase"]
[SourceDate "2023.10.19"]
[SourceVersion "1"]
[SourceVersionDate "2023.10.19"]
[SourceQuality "1"]

1. g3 e5 2. c4 Nf6 3. Bg2 Bc5 4. Nc3 c6 5. e3 Bb6 6. Nge2 d5 7. cxd5 cxd5 8. d4 e4 9. f3 exf3 10. Bxf3 Be6 11. Nf4 Nc6 12. 0-0 Qd7 13. Nxe6 Qxe6 14. Bd2 0-0 15. Ne2 Bc7 16. Rc1 Rfd8 17. a3 Rd7 18. Bg2 Ng4 19. Bh3 h5 20. Qc2 g6 21. Rce1 f5 22. Bg2 Re8 23. Nf4 Bxf4 24. gxf4 Nf6 25. Qd3 Nd8 26. Re2 Rc7 27. Kh1 Nf7 28. Rg1 Nd6 29. Bf3 Kh7 30. h3 Qf7 31. Bb4 Re6 32. Reg2 Qe8 33. Bxd6 Rxd6 34. Rxg6 Qxg6 35. Rxg6 Kxg6 36. Qd2 h4 37. Kh2 Kf7 38. e4 dxe4 39. Bd1 Re7 40. Qe3 Kf8 41. Bb3 b6 42. d5 Ke8 43. Bc4 Nxd5 44. Qe1 Kd7 45. Qxh4 e3 46. Qh5 Kd8 47. Be2 Nxf4 48. Qh8+ Kc7 49. Qh4 Ng6 50. Qc4+ Kd7 51. Kg1 Rd2 52. Kf1 Re6 53. b3 Ne7 54. Qh4 a6 55. Qg5 Rb2 56. Qf4 Rd6 57. Qf3 Rdd2 58. Qb7+ Ke6 59. Qxb6+ Kf7 60. Bc4+ Kg7 61. Qxe3 Rd1+ 0-1

[Event "SM-2021-0-00457"]
[Site "LSS email"]
[Date "2021.12.26"]
[Round "?"]
[White "Boni, Roberto"]
[Black "Misericordia, Antonio"]
[Result "1/2-1/2"]
[WhiteElo "2301"]
[BlackElo "2306"]
[PlyCount "108"]
[EventDate "2021.11.21"]
[EventType "tourn (corr)"]
[EventRounds "6"]
[EventCountry "GER"]
[SourceTitle "Corr 2024"]
[Source "ChessBase"]
[SourceDate "2023.10.19"]
[SourceVersion "1"]
[SourceVersionDate "2023.10.19"]
[SourceQuality "1"]

1. e4 e6 2. d4 d5 3. Nc3 Nf6 4. e5 Nfd7 5. f4 c5 6. Nf3 Nc6 7. Be3 cxd4 8. Nxd4 Bc5 9. Qd2 a6 10. 0-0-0 Nxd4 11. Bxd4 Qe7 12. h4 b5 13. f5 Bxd4 14. Qxd4 Bb7 15. Ne2 exf5 16. Ng3 Qe6 17. h5 0-0 18. Bd3 Qxe5 19. Nxf5 Qxd4 20. Nxd4 Rae8 21. Rde1 g6 22. Rhf1 Nc5 23. b3 Rxe1+ 24. Rxe1 Kg7 25. hxg6 hxg6 26. b4 Ne4 27. Kb2 Kf6 28. Rf1+ Ke5 29. Nf3+ Ke6 30. a4 bxa4 31. Ka3 f5 32. Re1 Kf6 33. Kxa4 g5 34. Rh1 g4 35. Rh6+ Kg7 36. Rb6 Bc8 37. Ne5 Re8 38. Rg6+ Kh7 39. Rc6 f4 40. Ka5 Bf5 41. Nxg4 Bxg4 42. Rf6 Bc8 43. Rxf4 Kg6 44. c4 Kg5 45. g3 Nf6 46. cxd5 Re1 47. Bc4 Nd7 48. Rf1 Re3 49. Ra1 Bb7 50. b5 Ne5 51. Bf1 axb5 52. Rd1 Kf6 53. Bxb5 Bc8 54. d6 Bd7 1/2-1/2

[Event "SM-2021-0-00455"]
[Site "LSS email"]
[Date "2021.12.10"]
[Round "?"]
[White "Misericordia, Antonio"]
[Black "Boni, Roberto"]
[Result "1/2-1/2"]
[WhiteElo "2315"]
[BlackElo "2295"]
[PlyCount "101"]
[EventDate "2021.10.17"]
[EventType "tourn (corr)"]
[EventRounds "6"]
[EventCountry "GER"]
[SourceTitle "Corr 2024"]
[Source "ChessBase"]
[SourceDate "2023.10.19"]
[SourceVersion "1"]
[SourceVersionDate "2023.10.19"]
[SourceQuality "1"]

1. d4 Nf6 2. c4 g6 3. Nc3 Bg7 4. e4 d6 5. h3 Nbd7 6. Nf3 e5 7. d5 Nc5 8. Qc2 0-0 9. Bg5 a5 10. Be2 Bd7 11. Nd2 b6 12. a3 Qe7 13. Bg4 Be8 14. b3 h6 15. Bh4 h5 16. Be2 Bh6 17. Ra2 Bd7 18. b4 Nb7 19. Nf1 Ra7 20. Ne3 Rfa8 21. Rb2 axb4 22. axb4 Ra1+ 23. Rb1 R1a3 24. 0-0 Bf4 25. Qb2 g5 26. Bg3 Bxe3 27. fxe3 h4 28. Be1 Kg7 29. Rc1 Ne8 30. Bf3 Nd8 31. Bd2 Nb7 32. Ra1 Rxa1 33. Rxa1 Qd8 34. Rf1 Qe7 35. Ra1 Rxa1+ 36. Qxa1 Nd8 37. Be1 f6 38. Nd1 Nf7 39. Nf2 Kg6 40. Be2 Nh6 41. Qa8 Ng7 42. Qb8 Ne8 43. Qa8 Nf7 44. Bf3 Qd8 45. Qa1 Qc8 46. Kh2 Ng7 47. Qa7 Nh5 48. Nh1 Ng7 49. Nf2 Nh5 50. Nh1 Ng7 51. Nf2 1/2-1/2

[Event "OP-2021-0-05217"]
[Site "LSS email"]
[Date "2021.11.22"]
[Round "?"]
[White "Misericordia, Antonio"]
[Black "Obrien, Glenn"]
[Result "1-0"]
[WhiteElo "2316"]
[BlackElo "1261"]
[PlyCount "45"]
[EventDate "2021.11.18"]
[EventType "tourn (corr)"]
[EventRounds "4"]
[EventCountry "GER"]
[SourceTitle "Corr 2024"]
[Source "ChessBase"]
[SourceDate "2023.10.19"]
[SourceVersion "1"]
[SourceVersionDate "2023.10.19"]
[SourceQuality "1"]

1. c4 e5 2. Nc3 Nf6 3. Nf3 Nc6 4. e3 Bb4 5. Qc2 0-0 6. Nd5 Re8 7. Ng5 g6 8. Nxf6+ Qxf6 9. Ne4 Qd8 10. Be2 f5 11. Nc3 d6 12. Nd5 Bc5 13. b3 Be6 14. a3 Bb6 15. Bb2 Bxd5 16. cxd5 Ne7 17. g4 fxg4 18. Qe4 h5 19. h3 gxh3 20. Bxh5 c6 21. Bxg6 cxd5 22. Qg4 Nxg6 23. Qxg6+ 1-0

[Event "OP-2021-0-05217"]
[Site "LSS email"]
[Date "2021.11.21"]
[Round "?"]
[White "Martin, Simone"]
[Black "Misericordia, Antonio"]
[Result "1/2-1/2"]
[WhiteElo "2050"]
[BlackElo "2316"]
[PlyCount "83"]
[EventDate "2021.11.18"]
[EventType "tourn (corr)"]
[EventRounds "4"]
[EventCountry "GER"]
[SourceTitle "Corr 2024"]
[Source "ChessBase"]
[SourceDate "2023.10.19"]
[SourceVersion "1"]
[SourceVersionDate "2023.10.19"]
[SourceQuality "1"]

1. e4 c6 2. d4 d5 3. Nc3 dxe4 4. Nxe4 Bf5 5. Ng3 Bg6 6. Nf3 Nd7 7. h4 h6 8. h5 Bh7 9. Bd3 Ngf6 10. Bxh7 Nxh7 11. Qe2 e6 12. Bd2 Ndf6 13. 0-0-0 Be7 14. Kb1 0-0 15. Ne4 Nxe4 16. Qxe4 Qd5 17. Qe2 c5 18. Be3 c4 19. Ne5 Rfc8 20. g4 a5 21. f4 a4 22. a3 c3 23. g5 Ra6 24. gxh6 Rb6 25. Bc1 cxb2 26. Bxb2 Bxa3 27. c4 Qa5 28. Rd2 Bxb2 29. Ka2 Ba3 30. c5 Qc3 31. cxb6 Qb3+ 32. Ka1 Bb4 33. Rb2 Bc3 34. Kb1 Bxb2 35. Qxb2 Qg3 36. Qh2 Qa3 37. Qb2 Qe3 38. Qg2 Qb3+ 39. Qb2 Qg3 40. Qh2 Qe3 41. Qg2 Qb3+ 42. Qb2 1/2-1/2

[Event "ST-2021-0-00203"]
[Site "LSS email"]
[Date "2021.10.24"]
[Round "?"]
[White "Enev, Zlatko"]
[Black "Misericordia, Antonio"]
[Result "1/2-1/2"]
[WhiteElo "2381"]
[BlackElo "2309"]
[PlyCount "64"]
[EventDate "2021.09.28"]
[EventType "tourn (corr)"]
[EventRounds "6"]
[EventCountry "GER"]
[SourceTitle "Corr 2024"]
[Source "ChessBase"]
[SourceDate "2023.10.19"]
[SourceVersion "1"]
[SourceVersionDate "2023.10.19"]
[SourceQuality "1"]

1. c4 e5 2. g3 Nf6 3. Bg2 c6 4. d4 e4 5. Bg5 d5 6. Bxf6 Bb4+ 7. Nc3 Qxf6 8. e3 0-0 9. Nge2 Be6 10. cxd5 cxd5 11. 0-0 Nd7 12. Rc1 Bd6 13. Nb5 Qe7 14. Qb3 Nb6 15. Nxd6 Qxd6 16. Rc5 h6 17. Rfc1 Nc4 18. Qxb7 Rfb8 19. Qc7 Qxc7 20. Rxc7 Rxb2 21. Nf4 Rxa2 22. Nxe6 fxe6 23. Bh3 Re8 24. Rb1 Kf8 25. Bg4 Nb6 26. Rbc1 Nc4 27. Rb1 g6 28. h4 Nb6 29. Rbc1 Nc4 30. Rb1 Nb6 31. Rbc1 Nc4 32. Rb1 Nb6 1/2-1/2

[Event "ST-2021-0-00203"]
[Site "LSS email"]
[Date "2021.10.23"]
[Round "?"]
[White "Misericordia, Antonio"]
[Black "Szczepanski, Zbigniew"]
[Result "1/2-1/2"]
[WhiteElo "2309"]
[BlackElo "2395"]
[PlyCount "48"]
[EventDate "2021.09.28"]
[EventType "tourn (corr)"]
[EventRounds "6"]
[EventCountry "GER"]
[SourceTitle "Corr 2024"]
[Source "ChessBase"]
[SourceDate "2023.10.19"]
[SourceVersion "1"]
[SourceVersionDate "2023.10.19"]
[SourceQuality "1"]

1. g3 d5 2. Nf3 Nf6 3. Bg2 c5 4. 0-0 e6 5. c4 d4 6. d3 Nc6 7. e3 Bd6 8. exd4 cxd4 9. Bg5 h6 10. Bxf6 Qxf6 11. Nbd2 Qe7 12. a3 a5 13. Re1 0-0 14. Nb3 Qf6 15. c5 Bc7 16. Rc1 Rd8 17. Nbd2 Bd7 18. Rc4 e5 19. Rc1 Be6 20. Nc4 a4 21. Nfd2 Qe7 22. Bxc6 bxc6 23. Nxe5 Bxe5 24. Rxe5 Rd5 1/2-1/2

[Event "SM-2021-0-00449"]
[Site "LSS email"]
[Date "2021.07.18"]
[Round "?"]
[White "Misericordia, Antonio"]
[Black "Oliveira, Diogo"]
[Result "1/2-1/2"]
[WhiteElo "2321"]
[BlackElo "2243"]
[PlyCount "78"]
[EventDate "2021.05.18"]
[EventType "tourn (corr)"]
[EventRounds "6"]
[EventCountry "GER"]
[SourceTitle "Corr 2024"]
[Source "ChessBase"]
[SourceDate "2023.10.19"]
[SourceVersion "1"]
[SourceVersionDate "2023.10.19"]
[SourceQuality "1"]

1. g3 d5 2. Nf3 c5 3. Bg2 Nf6 4. 0-0 g6 5. d4 cxd4 6. Nxd4 Bg7 7. c4 0-0 8. cxd5 Nxd5 9. Nb3 Nb6 10. a4 Nc4 11. Nc3 a5 12. Bf4 Nc6 13. Qc1 Bg4 14. Rd1 Qb6 15. Nb5 N6e5 16. N3d4 Rac8 17. h3 Bxe2 18. Nxe2 Nxb2 19. Qe3 Qxe3 20. Bxe3 Nxd1 21. Rxd1 Rfd8 22. Rxd8+ Rxd8 23. Bxb7 Nc4 24. Bf4 Rd1+ 25. Kg2 Ra1 26. Nbc3 Ra3 27. Nd5 e6 28. Ne7+ Kh8 29. Ba6 Rxa4 30. Nc6 e5 31. Bg5 Nd6 32. Bd8 Ra1 33. Bc7 Ne8 34. Bxa5 Nd6 35. h4 e4 36. Nf4 Rc1 37. Nb4 Rb1 38. Nc6 Rc1 39. Ne7 Ra1 1/2-1/2

[Event "SM-2021-0-00446"]
[Site "LSS email"]
[Date "2021.06.12"]
[Round "?"]
[White "Misericordia, Antonio"]
[Black "Nichols, Scott"]
[Result "1/2-1/2"]
[WhiteElo "2312"]
[BlackElo "2330"]
[PlyCount "82"]
[EventDate "2021.03.25"]
[EventType "tourn (corr)"]
[EventRounds "6"]
[EventCountry "GER"]
[SourceTitle "Corr 2024"]
[Source "ChessBase"]
[SourceDate "2023.10.19"]
[SourceVersion "1"]
[SourceVersionDate "2023.10.19"]
[SourceQuality "1"]

1. g3 h5 2. Nf3 d5 3. Bg2 c5 4. 0-0 Nf6 5. c4 d4 6. a3 a5 7. e3 Nc6 8. exd4 cxd4 9. d3 g6 10. Nbd2 Bg7 11. Rb1 a4 12. Ng5 0-0 13. b4 axb3 14. Rxb3 Qc7 15. h3 Nd8 16. Re1 e5 17. Rb5 Bd7 18. Rexe5 Bxb5 19. Rxb5 Ra5 20. a4 Rxb5 21. axb5 Qa5 22. Bf3 Qc3 23. Nge4 Nxe4 24. Nxe4 Qa1 25. Nc5 Re8 26. Kg2 Re5 27. Nd7 Re7 28. Nc5 Ne6 29. Nxb7 h4 30. gxh4 Be5 31. Kf1 Rxb7 32. Bxb7 Bf4 33. h5 gxh5 34. Bd5 Qxc1 35. Qxc1 Bxc1 36. Bxe6 fxe6 37. Kg2 Kf7 38. Kf3 Ba3 39. b6 Bc5 40. b7 Bd6 41. Ke4 Ke7 1/2-1/2

[Event "SM-2021-0-00446"]
[Site "LSS email"]
[Date "2021.06.12"]
[Round "?"]
[White "Misericordia, Antonio"]
[Black "Pulido, Ruben"]
[Result "1-0"]
[WhiteElo "2312"]
[BlackElo "2225"]
[PlyCount "29"]
[EventDate "2021.03.25"]
[EventType "tourn (corr)"]
[EventRounds "6"]
[EventCountry "GER"]
[SourceTitle "Corr 2024"]
[Source "ChessBase"]
[SourceDate "2023.10.19"]
[SourceVersion "1"]
[SourceVersionDate "2023.10.19"]
[SourceQuality "1"]

1. g3 d5 2. Nf3 Nf6 3. Bg2 c6 4. 0-0 Bg4 5. h3 Bxf3 6. exf3 e6 7. d3 Be7 8. f4 0-0 9. Nd2 c5 10. Nf3 Qc7 11. Re1 Nc6 12. Rb1 Bd6 13. c4 Rab8 14. b3 Rfe8 15. Bb2 1-0

[Event "SM-2021-0-00446"]
[Site "LSS email"]
[Date "2021.06.12"]
[Round "?"]
[White "Misericordia, Antonio"]
[Black "Usmanoff, Rustam"]
[Result "1/2-1/2"]
[WhiteElo "2312"]
[BlackElo "2202"]
[PlyCount "69"]
[EventDate "2021.03.25"]
[EventType "tourn (corr)"]
[EventRounds "6"]
[EventCountry "GER"]
[SourceTitle "Corr 2024"]
[Source "ChessBase"]
[SourceDate "2023.10.19"]
[SourceVersion "1"]
[SourceVersionDate "2023.10.19"]
[SourceQuality "1"]

1. e4 e5 2. Nf3 Nf6 3. Nxe5 d6 4. Nf3 Nxe4 5. d4 Be7 6. Bd3 d5 7. 0-0 Nc6 8. Nbd2 Nxd2 9. Bxd2 Bg4 10. c3 0-0 11. h3 Bh5 12. g3 Qd7 13. Kg2 Bg6 14. Bf4 Rae8 15. Bxg6 fxg6 16. Qd3 Rf5 17. Rae1 Ref8 18. Re3 g5 19. Be5 h6 20. b3 b5 21. a4 bxa4 22. bxa4 Na5 23. Nd2 Bd6 24. Qb5 Qxb5 25. axb5 Rb8 26. Rb1 Rff8 27. Bxd6 cxd6 28. Ree1 Rf7 29. Rb4 Rbf8 30. Re2 Rb8 31. Re6 Rbf8 32. Re2 Rb8 33. Re1 Rbf8 34. Rf1 Rb8 35. Re1 1/2-1/2

[Event "SM-2021-0-00445"]
[Site "LSS email"]
[Date "2021.05.10"]
[Round "?"]
[White "Misericordia, Antonio"]
[Black "Meljnikova, Ekaterina"]
[Result "1-0"]
[WhiteElo "2308"]
[BlackElo "2252"]
[PlyCount "61"]
[EventDate "2021.03.03"]
[EventType "tourn (corr)"]
[EventRounds "6"]
[EventCountry "GER"]
[SourceTitle "Corr 2024"]
[Source "ChessBase"]
[SourceDate "2023.10.19"]
[SourceVersion "1"]
[SourceVersionDate "2023.10.19"]
[SourceQuality "1"]

1. g3 e5 2. c4 Nf6 3. Bg2 Bc5 4. d3 c6 5. Nf3 d6 6. Nc3 a5 7. 0-0 0-0 8. d4 exd4 9. Nxd4 a4 10. b3 Qb6 11. Nc2 axb3 12. axb3 Rxa1 13. Nxa1 Qa5 14. Na4 Ba7 15. Qxd6 Bg4 16. Bd2 Qh5 17. e3 Bh3 18. f3 Nbd7 19. g4 Qh6 20. Bxh3 Bb8 21. Qd3 Qxh3 22. Qe2 h5 23. g5 Nh7 24. f4 Re8 25. Nc3 Ndf8 26. Nc2 Ng6 27. Qg2 Qf5 28. e4 Qd7 29. Be3 Bc7 30. Rd1 Qd6 31. Rxd6 1-0

[Event "SM-2021-0-00440"]
[Site "LSS email"]
[Date "2021.02.12"]
[Round "?"]
[White "Kovalenko, Igor"]
[Black "Misericordia, Antonio"]
[Result "1/2-1/2"]
[WhiteElo "2321"]
[BlackElo "2298"]
[PlyCount "45"]
[EventDate "2020.12.14"]
[EventType "tourn (corr)"]
[EventRounds "6"]
[EventCountry "GER"]
[SourceTitle "Corr 2024"]
[Source "ChessBase"]
[SourceDate "2023.10.19"]
[SourceVersion "1"]
[SourceVersionDate "2023.10.19"]
[SourceQuality "1"]

1. e4 e5 2. Nf3 Nc6 3. Bb5 Nf6 4. d3 Bc5 5. Nc3 Nd4 6. Nxe5 0-0 7. Bc4 d6 8. Nxf7 Rxf7 9. Bxf7+ Kxf7 10. h3 Qe8 11. Be3 Kg8 12. Ne2 Nxe2 13. Qxe2 Bb6 14. Bxb6 axb6 15. f4 c5 16. 0-0 Bd7 17. a3 h6 18. Rf2 Qf7 19. Re1 Qe6 20. Qf3 Re8 21. g4 Nh7 22. Qg3 Qf6 23. c3 1/2-1/2

[Event "SM-2021-0-00440"]
[Site "LSS email"]
[Date "2021.02.09"]
[Round "?"]
[White "Misericordia, Antonio"]
[Black "Zielinski, Sergej"]
[Result "1/2-1/2"]
[WhiteElo "2298"]
[BlackElo "2299"]
[PlyCount "70"]
[EventDate "2020.12.14"]
[EventType "tourn (corr)"]
[EventRounds "6"]
[EventCountry "GER"]
[SourceTitle "Corr 2024"]
[Source "ChessBase"]
[SourceDate "2023.10.19"]
[SourceVersion "1"]
[SourceVersionDate "2023.10.19"]
[SourceQuality "1"]

1. e4 e5 2. Nf3 Nc6 3. Bb5 a6 4. Ba4 Nf6 5. 0-0 Be7 6. Re1 b5 7. Bb3 d6 8. c3 0-0 9. h3 Na5 10. Bc2 c5 11. d4 Qc7 12. d5 Nd7 13. Nbd2 c4 14. Nb1 Nb6 15. b4 Nb7 16. a4 Nxa4 17. Bxa4 bxa4 18. Qxa4 Bd7 19. Qa2 a5 20. Nfd2 axb4 21. Qxa8 Rxa8 22. Rxa8+ Nd8 23. cxb4 c3 24. Nf1 f5 25. Re3 Qb7 26. Ra2 Bb5 27. Nxc3 Bxf1 28. Kxf1 f4 29. Ree2 Qxb4 30. Bd2 Bh4 31. Be1 h5 32. Reb2 Qc4+ 33. Kg1 Qc7 34. Ra8 Kh7 35. Rab8 Qc5 1/2-1/2

[Event "RM-2021-0-00234"]
[Site "LSS email"]
[Date "2021.01.31"]
[Round "?"]
[White "Misericordia, Antonio"]
[Black "Usmanoff, Rustam"]
[Result "1/2-1/2"]
[WhiteElo "2305"]
[BlackElo "2159"]
[PlyCount "100"]
[EventDate "2020.12.05"]
[EventType "tourn (corr)"]
[EventRounds "6"]
[EventCountry "GER"]
[SourceTitle "Corr 2024"]
[Source "ChessBase"]
[SourceDate "2023.10.19"]
[SourceVersion "1"]
[SourceVersionDate "2023.10.19"]
[SourceQuality "1"]

1. g3 e5 2. c4 Nf6 3. Bg2 d5 4. cxd5 Nxd5 5. Nf3 Nc6 6. 0-0 Nb6 7. d3 Be7 8. Nc3 0-0 9. a3 Be6 10. b4 a5 11. b5 Nd4 12. Rb1 Nxf3+ 13. Bxf3 Rb8 14. Ne4 f5 15. Nd2 Bd6 16. a4 Kh8 17. Bg2 Bb4 18. Qc2 c6 19. bxc6 bxc6 20. Nf3 Qd6 21. Bb2 Nd7 22. Nd2 e4 23. Nc4 Bxc4 24. Qxc4 Nb6 25. Qc2 exd3 26. exd3 c5 27. Bf3 Rbd8 28. Rfd1 Qd7 29. Ra1 Qf7 30. Kh1 Rc8 31. Bc3 h6 32. Kg1 Nd5 33. Be5 Nb6 34. h3 Qe7 35. Bb2 f4 36. g4 Qh4 37. Kh2 Rfd8 38. Rac1 Nxa4 39. Ba1 Nc3 40. Rd2 Nb5 41. Re2 Nd4 42. Bxd4 Rxd4 43. Re5 Rf8 44. Qe2 Qd8 45. g5 Rd6 46. Rc4 hxg5 47. Rce4 Qf6 48. Re8 Rd8 49. Rxf8+ Rxf8 50. Re6 Qd4 1/2-1/2

[Event "RM-2021-0-00234"]
[Site "LSS email"]
[Date "2021.01.24"]
[Round "?"]
[White "Enev, Zlatko"]
[Black "Misericordia, Antonio"]
[Result "1/2-1/2"]
[WhiteElo "2378"]
[BlackElo "2305"]
[PlyCount "55"]
[EventDate "2020.12.05"]
[EventType "tourn (corr)"]
[EventRounds "6"]
[EventCountry "GER"]
[SourceTitle "Corr 2024"]
[Source "ChessBase"]
[SourceDate "2023.10.19"]
[SourceVersion "1"]
[SourceVersionDate "2023.10.19"]
[SourceQuality "1"]

1. d4 d5 2. a3 Nf6 3. Nf3 c5 4. e3 cxd4 5. exd4 Nc6 6. Bd3 Bg4 7. Be3 e6 8. Nbd2 Bd6 9. c3 Rc8 10. 0-0 0-0 11. Qc2 Bh5 12. Rae1 Bg6 13. Bxg6 hxg6 14. Qd3 Qc7 15. g3 Na5 16. Ng5 Nc4 17. Nxc4 dxc4 18. Qe2 Rfe8 19. h4 b5 20. Bd2 e5 21. dxe5 Rxe5 22. Qf3 Rf5 23. Qg2 Rd8 24. Be3 Ng4 25. Bd4 Ne5 26. Bxe5 Rxe5 27. Qf3 Rf5 28. Qe4 1/2-1/2

[Event "OP-2021-0-05085"]
[Site "LSS email"]
[Date "2021.01.20"]
[Round "?"]
[White "Misericordia, Antonio"]
[Black "Vlasov, Aleksandr"]
[Result "1-0"]
[WhiteElo "2305"]
[BlackElo "1135"]
[PlyCount "33"]
[EventDate "2021.01.16"]
[EventType "tourn (corr)"]
[EventRounds "4"]
[EventCountry "GER"]
[SourceTitle "Corr 2024"]
[Source "ChessBase"]
[SourceDate "2023.10.19"]
[SourceVersion "1"]
[SourceVersionDate "2023.10.19"]
[SourceQuality "1"]

1. g3 d5 2. Bg2 e5 3. d3 c6 4. Nf3 Bd6 5. 0-0 Nf6 6. e4 Bg4 7. h3 Bh5 8. exd5 Bxf3 9. Qxf3 Nxd5 10. Nd2 0-0 11. Nc4 Bc7 12. b4 Nd7 13. b5 Nb4 14. Ne3 Rb8 15. Ba3 c5 16. Bb2 Nf6 17. a3 1-0

[Event "OP-2021-0-05085"]
[Site "LSS email"]
[Date "2021.01.19"]
[Round "?"]
[White "Portas, Daniel"]
[Black "Misericordia, Antonio"]
[Result "0-1"]
[WhiteElo "800"]
[BlackElo "2305"]
[PlyCount "76"]
[EventDate "2021.01.16"]
[EventType "tourn (corr)"]
[EventRounds "4"]
[EventCountry "GER"]
[SourceTitle "Corr 2024"]
[Source "ChessBase"]
[SourceDate "2023.10.19"]
[SourceVersion "1"]
[SourceVersionDate "2023.10.19"]
[SourceQuality "1"]

1. e4 c5 2. Nf3 Nc6 3. d4 cxd4 4. Nxd4 Nf6 5. Nc3 e5 6. Ndb5 d6 7. Bg5 a6 8. Na3 b5 9. Nd5 Be7 10. Nxe7 Nxe7 11. Bd3 d5 12. exd5 Qxd5 13. f3 e4 14. Bxf6 exd3 15. Bxe7 Qe6+ 16. Kf2 Qb6+ 17. Kf1 Kxe7 18. Qe1+ Kf8 19. Qb4+ Kg8 20. Qe4 Bb7 21. Qxd3 Rd8 22. Re1 h5 23. Qe3 Qa5 24. Qe7 Bd5 25. b4 Qb6 26. Qe3 Qb8 27. Qe5 Qa8 28. Kf2 Rh6 29. Rd1 Re6 30. Qc7 a5 31. Rhe1 Rxe1 32. Rxe1 axb4 33. Nxb5 Rc8 34. Qg3 Rxc2+ 35. Kg1 Rxa2 36. Qe5 Bc4 37. Nd6 Be6 38. Ne4 Qd8 0-1

[Event "OP-2021-0-05077"]
[Site "LSS email"]
[Date "2021.01.17"]
[Round "?"]
[White "Gonzalez Castells, Jose Maria"]
[Black "Misericordia, Antonio"]
[Result "0-1"]
[WhiteElo "1456"]
[BlackElo "2305"]
[PlyCount "123"]
[EventDate "2020.12.30"]
[EventType "tourn (corr)"]
[EventRounds "4"]
[EventCountry "GER"]
[SourceTitle "Corr 2022"]
[Source "ChessBase"]
[SourceDate "2021.10.24"]
[SourceVersion "1"]
[SourceVersionDate "2021.10.24"]
[SourceQuality "1"]

1. f4 Nf6 2. Nf3 g6 3. c4 Bg7 4. Nc3 c5 5. e4 d6 6. Be2 Nc6 7. 0-0 0-0 8. d3 a6 9. Bd2 Rb8 10. a4 Bg4 11. h3 Bxf3 12. Bxf3 Ne8 13. Be3 Nc7 14. f5 b5 15. axb5 axb5 16. Qd2 bxc4 17. dxc4 Rb4 18. Be2 Qb8 19. Rab1 Qb7 20. Bh6 Bd4+ 21. Kh1 Ra8 22. Qc1 Ne8 23. Bf3 Be5 24. Bg5 Nf6 25. Bxf6 exf6 26. Nd5 Rb3 27. fxg6 hxg6 28. Bd1 Rxb2 29. Rxb2 Qxb2 30. Qxb2 Bxb2 31. Bg4 Kf8 32. Bd7 Nb4 33. Bb5 Nxd5 34. exd5 Be5 35. Kg1 Ra2 36. Rf3 f5 37. g3 Kg7 38. Kf1 Kf6 39. h4 Kg7 40. Rb3 Kh6 41. Rd3 Kh5 42. Be8 f6 43. Rb3 Ra8 44. Bc6 Ra1+ 45. Ke2 Kg4 46. Be8 Bxg3 47. Bxg6 Bxh4 48. Kd2 f4 49. Rb1 Ra2+ 50. Kc3 f3 51. Bd3 f5 52. Bf1 Bf6+ 53. Kb3 Rd2 54. Ka4 Be5 55. Kb5 f4 56. Re1 Rb2+ 57. Kc6 f2 58. Rd1 Kg3 59. Ra1 f3 60. Kc7 Re2 61. Ra3 Re1 62. Rxf3+ 0-1

[Event "OP-2021-0-05077"]
[Site "LSS email"]
[Date "2021.01.17"]
[Round "?"]
[White "Grimm, Wolfgang"]
[Black "Misericordia, Antonio"]
[Result "0-1"]
[WhiteElo "1405"]
[BlackElo "2305"]
[PlyCount "38"]
[EventDate "2020.12.30"]
[EventType "tourn (corr)"]
[EventRounds "4"]
[EventCountry "GER"]
[SourceTitle "Corr 2022"]
[Source "ChessBase"]
[SourceDate "2021.10.24"]
[SourceVersion "1"]
[SourceVersionDate "2021.10.24"]
[SourceQuality "1"]

1. Nf3 d5 2. e3 Nf6 3. d4 e6 4. Nc3 Be7 5. Bd3 c5 6. dxc5 Nbd7 7. b4 a5 8. c6 bxc6 9. bxa5 e5 10. Be2 Bb4 11. Bd2 Bxa5 12. 0-0 Bc7 13. Nb1 h5 14. c4 e4 15. Nd4 Bxh2+ 16. Kxh2 Ng4+ 17. Kh3 Nde5 18. Qc1 Nxe3+ 19. Kh2 Qh4+ 0-1